Score 0/10 Timer 06:00
1 Play Today
Death Character % Correct
Knocked off the stadium by a t-shirt cannonMaude Flanders
89.7%
Died in the hospital in between visits from LisaBleeding Gums Murphy
87%
Grabbed high voltage wires while doing a Homer Simpson impressionFrank Grimes
78.8%
Accidently boiled and then intentionally eaten by HomerPinchy
45.3%
Hit by Dr. Hibbert's carSnowball II
33.5%
Shot himself with Wiggum's gun to avoid the 'pressure' of disarming a bombBomb Disarming Robot
31.2%
Died of old age in front of the fireplaceMona Simpson
30.5%
Sucked into an airplane turbineShary Bobbins
21.7%
Heartattack upon learning of Homer's betrayalFat Tony
10%
Died of old age while talking to his sonRabbi Krustofsky
9.2%
Remove Ads.
Support Sporcle.
Get the best of Sporcle when you Go Orange. This ad-free experience offers more features, more stats, and more fun while also helping to support Sporcle. Thank you for becoming a member.

You're not logged in!

Compare scores with friends on all Sporcle quizzes.
OR
Log In

Show Comments

Extras

Top Quizzes Today


Score Distribution

Your Account Isn't Verified!

In order to create a playlist on Sporcle, you need to verify the email address you used during registration. Go to your Sporcle Settings to finish the process.

Report this User

Report this user for behavior that violates our Community Guidelines.

Details: